Tous les sites UNESCO de Tchéquie sur une carte - Statistiques

Statistiques générales
  • Ce quiz a été pris 16 fois
  • Le résultat moyen est 7 sur 17
Réponses sur la Carte
Les réponses sont colorées sur une échelle allant du rouge au vert en fonction du pourcentage des utilisateurs qui les ont devinées à leur premier essai. Vous pouvez retrouver ces pourcentages ci-dessous.
 
Statistiques - réponses
Réponse % Correct
Centre historique de Prague
91%
Centre historique de Český Krumlov
64%
Colonne de la Sainte Trinité à Olomouc
64%
Villa Tugendhat à Brno
45%
Žatec et le paysage du houblon Saaz
45%
Centre historique de Telč
36%
Château de Litomyšl
36%
Forêts primaires et anciennes de hêtres d’Europe
36%
Kutná Hora : l'église Sainte-Barbe et la cathédrale Notre-Dame de Sedlec
36%
Les grandes villes d’eaux d’Europe
36%
Village historique d’Holašovice
36%
Église Saint-Jean-Népomucène, lieu de pèlerinage à Zelená Hora
27%
Jardins et château de Kroměříž
27%
Le quartier juif et la basilique Saint-Procope de Třebíč
27%
Paysage culturel de Lednice-Valtice
27%
Paysage d’élevage et de dressage de chevaux à Kladruby nad Labem
27%
Région minière Erzgebirge/Krušnohoří
27%
Aucun quiz correspondant
Distribution des résultats
% des personnes avec chaque résultat
Percentile par nombre de réponses
Votre historique - résultats
Vous n’avez pas pris ce quiz